<?xml version="1.0" encoding="UTF-8"?>
<record
    xmlns:xsi="http://www.w3.org/2001/XMLSchema-instance"
    xsi:schemaLocation="http://www.loc.gov/MARC21/slim http://www.loc.gov/standards/marcxml/schema/MARC21slim.xsd"
    xmlns="http://www.loc.gov/MARC21/slim">

  <leader>00350nam a2200133Ia 4500</leader>
  <controlfield tag="008">220530s9999    xx            000 0 und d</controlfield>
  <datafield tag="020" ind1=" " ind2=" ">
    <subfield code="a">9788184480474</subfield>
  </datafield>
  <datafield tag="040" ind1=" " ind2=" ">
    <subfield code="a">eng</subfield>
  </datafield>
  <datafield tag="100" ind1=" " ind2=" ">
    <subfield code="a">KARANBIR SINGH</subfield>
    <subfield code="9">60235</subfield>
  </datafield>
  <datafield tag="245" ind1=" " ind2=" ">
    <subfield code="a">COMPUTER FOR NURSES MADE EASY</subfield>
  </datafield>
  <datafield tag="250" ind1=" " ind2=" ">
    <subfield code="a">FIRST</subfield>
  </datafield>
  <datafield tag="260" ind1=" " ind2=" ">
    <subfield code="a">NAGPUR</subfield>
    <subfield code="b">JAYPEE PUBLICATION,NAGPUR</subfield>
    <subfield code="c">2007</subfield>
  </datafield>
  <datafield tag="650" ind1=" " ind2=" ">
    <subfield code="a">COMPUTER</subfield>
    <subfield code="9">60236</subfield>
  </datafield>
  <datafield tag="999" ind1=" " ind2=" ">
    <subfield code="c">2021</subfield>
    <subfield code="d">2021</subfield>
  </datafield>
  <datafield tag="952" ind1=" " ind2=" ">
    <subfield code="0">0</subfield>
    <subfield code="1">0</subfield>
    <subfield code="4">0</subfield>
    <subfield code="7">0</subfield>
    <subfield code="a">SNCN</subfield>
    <subfield code="b">SNCN</subfield>
    <subfield code="d">2008-02-02</subfield>
    <subfield code="e">TEXTBOOK,PURCHASE JAYPEE BROTHERS  PUBLICATION,NAGPUR,INVOICE NO.1146</subfield>
    <subfield code="g">112.50</subfield>
    <subfield code="l">0</subfield>
    <subfield code="p">SNCN-BK-579</subfield>
    <subfield code="r">2022-05-31 00:00:00</subfield>
    <subfield code="w">2022-05-31</subfield>
    <subfield code="y">BK</subfield>
    <subfield code="z">579</subfield>
  </datafield>
  <datafield tag="952" ind1=" " ind2=" ">
    <subfield code="0">0</subfield>
    <subfield code="1">0</subfield>
    <subfield code="4">0</subfield>
    <subfield code="7">0</subfield>
    <subfield code="a">SNCN</subfield>
    <subfield code="b">SNCN</subfield>
    <subfield code="d">2019-06-01</subfield>
    <subfield code="e">TEXTBOOKPURCHASE JAYPEE BROTHERS INVOICE NO.1900018</subfield>
    <subfield code="g">217.75</subfield>
    <subfield code="l">1</subfield>
    <subfield code="p">SNCN-BK-2292</subfield>
    <subfield code="r">2023-04-11 00:00:00</subfield>
    <subfield code="s">2023-04-03</subfield>
    <subfield code="w">2022-05-31</subfield>
    <subfield code="y">BK</subfield>
    <subfield code="z">2292</subfield>
  </datafield>
  <datafield tag="952" ind1=" " ind2=" ">
    <subfield code="0">0</subfield>
    <subfield code="1">0</subfield>
    <subfield code="4">0</subfield>
    <subfield code="7">0</subfield>
    <subfield code="a">SNCN</subfield>
    <subfield code="b">SNCN</subfield>
    <subfield code="d">2019-06-01</subfield>
    <subfield code="e">TEXTBOOKPURCHASE JAYPEE BROTHERS INVOICE NO.1900018</subfield>
    <subfield code="g">217.75</subfield>
    <subfield code="l">1</subfield>
    <subfield code="p">SNCN-BK-2293</subfield>
    <subfield code="r">2023-04-10 00:00:00</subfield>
    <subfield code="s">2023-04-05</subfield>
    <subfield code="w">2022-05-31</subfield>
    <subfield code="y">BK</subfield>
    <subfield code="z">2293</subfield>
  </datafield>
  <datafield tag="952" ind1=" " ind2=" ">
    <subfield code="0">0</subfield>
    <subfield code="1">0</subfield>
    <subfield code="4">0</subfield>
    <subfield code="7">0</subfield>
    <subfield code="a">SNCN</subfield>
    <subfield code="b">SNCN</subfield>
    <subfield code="d">2019-06-01</subfield>
    <subfield code="e">TEXTBOOKPURCHASE JAYPEE BROTHERS INVOICE NO.1900018</subfield>
    <subfield code="g">217.75</subfield>
    <subfield code="l">2</subfield>
    <subfield code="p">SNCN-BK-2294</subfield>
    <subfield code="r">2025-09-12 00:00:00</subfield>
    <subfield code="s">2025-09-02</subfield>
    <subfield code="w">2022-05-31</subfield>
    <subfield code="y">BK</subfield>
    <subfield code="z">2294</subfield>
  </datafield>
  <datafield tag="952" ind1=" " ind2=" ">
    <subfield code="0">0</subfield>
    <subfield code="1">0</subfield>
    <subfield code="4">0</subfield>
    <subfield code="7">0</subfield>
    <subfield code="a">SNCN</subfield>
    <subfield code="b">SNCN</subfield>
    <subfield code="d">2019-06-10</subfield>
    <subfield code="e">TEXTBOOKPURCHASE JAYPEE BROTHERS INVOICE NO.1900018</subfield>
    <subfield code="g">217.75</subfield>
    <subfield code="l">2</subfield>
    <subfield code="p">SNCN-BK-2339</subfield>
    <subfield code="r">2025-05-08 00:00:00</subfield>
    <subfield code="s">2025-05-07</subfield>
    <subfield code="w">2022-05-31</subfield>
    <subfield code="y">BK</subfield>
    <subfield code="z">2339</subfield>
  </datafield>
  <datafield tag="952" ind1=" " ind2=" ">
    <subfield code="0">0</subfield>
    <subfield code="1">0</subfield>
    <subfield code="4">0</subfield>
    <subfield code="7">0</subfield>
    <subfield code="a">SNCN</subfield>
    <subfield code="b">SNCN</subfield>
    <subfield code="d">2019-06-10</subfield>
    <subfield code="e">TEXTBOOKPURCHASE JAYPEE BROTHERS INVOICE NO.1900018</subfield>
    <subfield code="g">217.75</subfield>
    <subfield code="l">2</subfield>
    <subfield code="p">SNCN-BK-2340</subfield>
    <subfield code="r">2024-05-20 00:00:00</subfield>
    <subfield code="s">2024-05-18</subfield>
    <subfield code="w">2022-05-31</subfield>
    <subfield code="y">BK</subfield>
    <subfield code="z">2340</subfield>
  </datafield>
</record>
